<?xml version="1.0" encoding="UTF-8"?>
<record
    xmlns:xsi="http://www.w3.org/2001/XMLSchema-instance"
    xsi:schemaLocation="http://www.loc.gov/MARC21/slim http://www.loc.gov/standards/marcxml/schema/MARC21slim.xsd"
    xmlns="http://www.loc.gov/MARC21/slim">

  <leader>01380nam2a2200265   4500</leader>
  <controlfield tag="001">RU\NLR\BIBL_A\016240545</controlfield>
  <controlfield tag="005">20250625005650.0</controlfield>
  <datafield tag="035" ind1=" " ind2=" ">
    <subfield code="a">(NLR Aleph) 016240545</subfield>
  </datafield>
  <datafield tag="090" ind1=" " ind2=" ">
    <subfield code="a">12796098</subfield>
    <subfield code="c">12796098</subfield>
  </datafield>
  <datafield tag="100" ind1=" " ind2=" ">
    <subfield code="a">20221216j18741218|||y0rusy50      ca</subfield>
  </datafield>
  <datafield tag="101" ind1="0" ind2=" ">
    <subfield code="a">rus</subfield>
  </datafield>
  <datafield tag="102" ind1=" " ind2=" ">
    <subfield code="a">RU</subfield>
  </datafield>
  <datafield tag="135" ind1=" " ind2=" ">
    <subfield code="a">crgn 008anaba</subfield>
  </datafield>
  <datafield tag="200" ind1="0" ind2=" ">
    <subfield code="a">1874, &#x2116; 18 (18 (30) &#x434;&#x435;&#x43A;.)</subfield>
  </datafield>
  <datafield tag="210" ind1=" " ind2=" ">
    <subfield code="d">1874</subfield>
    <subfield code="a">&#x411;. &#x43C;.</subfield>
  </datafield>
  <datafield tag="325" ind1="1" ind2=" ">
    <subfield code="a">&#x41A;&#x43E;&#x43F;&#x438;&#x44F; &#x434;&#x43E;&#x441;&#x442;&#x443;&#x43F;&#x43D;&#x430; &#x432; &#x44D;&#x43B;&#x435;&#x43A;&#x442;&#x440;&#x43E;&#x43D;&#x43D;&#x43E;&#x439; &#x431;&#x438;&#x431;&#x43B;&#x438;&#x43E;&#x442;&#x435;&#x43A;&#x435; &#x420;&#x41D;&#x411;</subfield>
  </datafield>
  <datafield tag="461" ind1=" " ind2="0">
    <subfield code="1">001RU\NLR\DRGNLR\3134</subfield>
    <subfield code="1">2001#$a&#x41D;&#x43E;&#x432;&#x43E;&#x435; &#x432;&#x440;&#x435;&#x43C;&#x44F;$f&#x41E;&#x441;&#x43D;. &#x410;.&#x421;.&#x421;&#x443;&#x432;&#x43E;&#x440;&#x438;&#x43D;; &#x420;&#x435;&#x434;. &#x411;.&#x421;&#x443;&#x432;&#x43E;&#x440;&#x438;&#x43D;, &#x424;.&#x411;&#x43E;&#x440;&#x43D;&#x433;&#x430;&#x440;&#x434;&#x442; [&#x438; &#x434;&#x440;.]$v1874, &#x2116; 18 (18 (30) &#x434;&#x435;&#x43A;.)</subfield>
    <subfield code="9">10639415</subfield>
    <subfield code="a">"&#x41D;&#x43E;&#x432;&#x43E;&#x435; &#x432;&#x440;&#x435;&#x43C;&#x44F;", &#x442;-&#x432;&#x43E; (&#x41F;&#x435;&#x442;&#x435;&#x440;&#x431;&#x443;&#x440;&#x433;)</subfield>
    <subfield code="c">&#x41F;&#x433;</subfield>
    <subfield code="d">1868 - 1917</subfield>
    <subfield code="f">&#x41E;&#x441;&#x43D;. &#x410;.&#x421;.&#x421;&#x443;&#x432;&#x43E;&#x440;&#x438;&#x43D;; &#x420;&#x435;&#x434;. &#x411;.&#x421;&#x443;&#x432;&#x43E;&#x440;&#x438;&#x43D;, &#x424;.&#x411;&#x43E;&#x440;&#x43D;&#x433;&#x430;&#x440;&#x434;&#x442; [&#x438; &#x434;&#x440;.]</subfield>
    <subfield code="n">&#x418;&#x437;&#x434;. &#x442;-&#x432;&#x430; &#x410;.&#x421;.&#x421;&#x443;&#x432;&#x43E;&#x440;&#x438;&#x43D;&#x430;</subfield>
    <subfield code="t">&#x41D;&#x43E;&#x432;&#x43E;&#x435; &#x432;&#x440;&#x435;&#x43C;&#x44F;</subfield>
    <subfield code="v">1874, &#x2116; 18 (18 (30) &#x434;&#x435;&#x43A;.)</subfield>
  </datafield>
  <datafield tag="852" ind1=" " ind2=" ">
    <subfield code="a">NLR</subfield>
    <subfield code="j">1-&#x41F;/2-27</subfield>
  </datafield>
  <datafield tag="901" ind1=" " ind2=" ">
    <subfield code="e">&#x413;&#x430;&#x437;&#x435;&#x442;&#x44B;</subfield>
  </datafield>
  <datafield tag="942" ind1=" " ind2=" ">
    <subfield code="c">ISSNP</subfield>
  </datafield>
  <datafield tag="980" ind1=" " ind2=" ">
    <subfield code="a">NB</subfield>
  </datafield>
  <datafield tag="981" ind1="4" ind2="4">
    <subfield code="a">(44) &#x41E;&#x446;&#x438;&#x444;&#x440;&#x43E;&#x432;&#x430;&#x43D;&#x43E; &#x43F;&#x43E; &#x440;&#x435;&#x43A;&#x43E;&#x43C;&#x435;&#x43D;&#x434;&#x430;&#x446;&#x438;&#x44F;&#x43C; &#x447;&#x438;&#x442;&#x430;&#x442;&#x435;&#x43B;&#x435;&#x439;</subfield>
  </datafield>
  <datafield tag="981" ind1="2" ind2="7">
    <subfield code="a">(27) &#x41F;&#x435;&#x440;&#x438;&#x43E;&#x434;&#x438;&#x447;&#x435;&#x441;&#x43A;&#x438;&#x435; &#x438;&#x437;&#x434;&#x430;&#x43D;&#x438;&#x44F;</subfield>
    <subfield code="b">(27) &#x413;&#x430;&#x437;&#x435;&#x442;&#x44B;</subfield>
  </datafield>
</record>
